Emotions, can you trust them? / (Record no. 2038)
[ view plain ]
| 000 -LEADER | |
|---|---|
| fixed length control field | 01654cam a2200313 a 4500 |
| 001 - CONTROL NUMBER | |
| control field | 6677056 |
| 003 - CONTROL NUMBER IDENTIFIER | |
| control field | OCoLC |
| 005 - DATE AND TIME OF LATEST TRANSACTION | |
| control field | 20180922162030.0 |
| 008 - FIXED-LENGTH DATA ELEMENTS--GENERAL INFORMATION | |
| fixed length control field | 810508s1980 cau b 000 0 eng |
| 010 ## - LIBRARY OF CONGRESS CONTROL NUMBER | |
| LC control number | 79091703 |
| 020 ## - INTERNATIONAL STANDARD BOOK NUMBER | |
| International Standard Book Number | 0830707301 |
| 020 ## - INTERNATIONAL STANDARD BOOK NUMBER | |
| International Standard Book Number | 083079967 |
| 020 ## - INTERNATIONAL STANDARD BOOK NUMBER | |
| International Standard Book Number | 9780830707300 |
| 035 ## - SYSTEM CONTROL NUMBER | |
| System control number | (OCoLC)6677056 |
| 040 ## - CATALOGING SOURCE | |
| Original cataloging agency | DLC |
| Language of cataloging | eng |
| Transcribing agency | DLC |
| Modifying agency | BTCTA |
| -- | OCLCG |
| -- | HNW |
| -- | OCLCQ |
| -- | TXMLI |
| -- | OCLCA |
| -- | OCLCF |
| 050 00 - LIBRARY OF CONGRESS CALL NUMBER | |
| Classification number | BF531 |
| Item number | .D6 |
| 082 00 - DEWEY DECIMAL CLASSIFICATION NUMBER | |
| Classification number | 248.4 |
| Edition number | 19 |
| Item number | D635E |
| 092 0# - LOCALLY ASSIGNED DEWEY CALL NUMBER (OCLC) | |
| Classification number | 248.46 |
| Item number | D6355e |
| 100 1# - MAIN ENTRY--PERSONAL NAME | |
| Personal name | Dobson, James C., |
| Dates associated with a name | 1936- |
| 245 10 - TITLE STATEMENT | |
| Title | Emotions, can you trust them? / |
| Statement of responsibility, etc. | James Dobson. |
| 260 ## - PUBLICATION, DISTRIBUTION, ETC. | |
| Place of publication, distribution, etc. | Ventura, Calif. : |
| Name of publisher, distributor, etc. | GL Regal Books, |
| Date of publication, distribution, etc. | c1980. |
| 300 ## - PHYSICAL DESCRIPTION | |
| Extent | 143 p. ; |
| Dimensions | 22 cm. |
| 504 ## - BIBLIOGRAPHY, ETC. NOTE | |
| Bibliography, etc. note | Includes bibliographical references. |
| 505 0# - FORMATTED CONTENTS NOTE | |
| Formatted contents note | Guilt : the painful emotion -- The origin of guilt -- Living with conscience -- Parental training of the conscience -- Eight conclusions about guilt -- Learning-discussion ideas -- Romantic love : distortion versus the real thing -- Beliefs about love -- I am committed to you -- Learning-discussion ideas -- Conflict in a floral shop -- What is anger? When is it sinful? -- How do you deal with anger? -- Aspects of anger -- Learning-discussion ideas -- Can you know God's will? -- Why you can't trust inner feelings and impressions -- How to test inner feelings and impressions -- How to know God's will -- Learning-discussion ideas. |
| 520 ## - SUMMARY, ETC. | |
| Summary, etc. | Is love at first sight really love? Will genuine love last a lifetime? Is anger wrong? How can I learn to bring my temper under control? Answers may be found in this book. |
| 650 #0 - SUBJECT ADDED ENTRY--TOPICAL TERM | |
| Topical term or geographic name entry element | Emotions. |
| 650 #0 - SUBJECT ADDED ENTRY--TOPICAL TERM | |
| Topical term or geographic name entry element | Christian life. |
| 942 ## - ADDED ENTRY ELEMENTS (KOHA) | |
| Source of classification or shelving scheme | Dewey Decimal Classification |
| Koha item type | Books |
| Withdrawn status | Lost status | Source of classification or shelving scheme | Damaged status | Not for loan | Collection code | Home library | Current library | Shelving location | Date acquired | Cost, normal purchase price | Total Checkouts | Full call number | Barcode | Date last seen | Price effective from | Koha item type | Date last checked out |
|---|---|---|---|---|---|---|---|---|---|---|---|---|---|---|---|---|---|
| Dewey Decimal Classification | Non-fiction | Harvest Mission College | Harvest Mission College | General Stacks | 22.09.2018 | 400.00 | 248.4 D635E | 001662 | 22.09.2018 | 22.09.2018 | Books | ||||||
| Dewey Decimal Classification | Non-fiction | Harvest Mission College | Harvest Mission College | General Stacks | 20.01.2021 | 1 | 248.4 D635E | 010743 | 19.12.2024 | 20.01.2021 | Books | 13.12.2024 |
